000 00380nam a2200133Ia 4500
008 211119s9999||||xx |||||||||||||| ||und||
082 _a894.8123
_bMUK-D
100 _aMukundan, M
245 0 _aDinosarukalute Kalam
260 _bD c Books
_a2009
_cKottayam
300 _a104p
650 _aLiterature
_vAltaic,Uralic,Hyperborean &DravidianGeneralia
_xGeneral stack
942 _cBOOK
999 _c116317
_d116317